Présidents américains par leur prénom - Statistiques

Statistiques générales
  • Ce quiz a été pris 277 fois
  • Le résultat moyen est 24 sur 47
Statistiques - réponses
Dates de mandat Parti Prénom Nom % Correct
45 2017-2021 Républicain Donald Trump
99%
47 2025- Républicain Donald Trump
99%
44 2009-2017 Démocrate Barack Obama
97%
46 2021-2025 Démocrate Joe Biden
96%
1 1789-1797 Indépendant Georges Washington
95%
35 1961-1963 Démocrate John Fitzgerald Kennedy
94%
41 1989-1993 Républicain Georges H.W. Bush
93%
43 2001-2009 Républicain Georges W. Bush
93%
42 1993-2001 Démocrate Bill Clinton
91%
26 1901-1909 Républicain Theodore Roosevelt
88%
32 1933-1945 Démocrate Franklin Delano Roosevelt
88%
40 1981-1989 Républicain Ronald Reagan
86%
16 1861-1865 Républicain Abraham Lincoln
82%
37 1969-1974 Républicain Richard Nixon
74%
39 1977-1981 Démocrate Jimmy Carter
69%
3 1801-1809 Républicain- démocrate Thomas Jefferson
69%
33 1945-1953 Démocrate Harry S. Truman
67%
34 1953-1961 Républicain Dwight D. Eisenhower
57%
17 1865-1869 Démocrate Andrew Johnson
57%
36 1963-1969 Démocrate Lyndon B. Johnson
57%
38 1974-1977 Républicain Gerald Ford
55%
28 1913-1921 Démocrate Woodrow Wilson
50%
2 1797-1801 Fédéraliste John Adams
45%
6 1825-1829 National- républicain John Quincy Adams
45%
31 1929-1933 Républicain Herbert Hoover
44%
18 1869-1877 Républicain Ulysse S. Grant
36%
7 1829-1837 Démocrate Andrew Jackson
33%
5 1817-1825 Républicain- démocrate James Monroe
27%
30 1923-1929 Républicain Calvin Coolidge
26%
4 1809-1817 Républicain- démocrate James Madison
26%
22 1885-1889 Démocrate Grover Cleveland
25%
24 1893-1897 Démocrate Grover Cleveland
25%
9 1841-1841 Whig William Henry Harrison
25%
23 1889-1893 Républicain Benjamin Harrison
25%
20 1881-1881 Républicain James A. Garfield
24%
27 1909-1913 Républicain William H. Taft
21%
8 1837-1841 Démocrate Martin Van Buren
21%
21 1881-1885 Républicain Chester A. Arthur
20%
29 1921-1923 Républicain Warren G. Harding
20%
19 1877-1881 Républicain Rutherford B. Hayes
19%
25 1897-1901 Républicain William McKinley
19%
12 1849-1850 Whig Zachary Taylor
19%
15 1857-1861 Démocrate James Buchanan
18%
11 1845-1849 Démocrate James K. Polk
18%
13 1850-1853 Whig Millard Fillmore
17%
14 1853-1857 Démocrate Franklin Pierce
15%
10 1841-1845 Indépendant John Tyler
15%
Aucun quiz correspondant
Distribution des résultats
% des personnes avec chaque résultat
Percentile par nombre de réponses
Votre historique - résultats
Vous n’avez pas pris ce quiz